000
00265nam a22001217a 4500
082
_a
628.046 VEH'R
100
_a
ROYEL MILITARY
_9
75792
245
_a
VEHICLE AND MILITARY HANDBOOK
250
_a
4TH
260
_a
USA
_b
RERUM
_c
1979
300
_a
12F-3
942
_c
BK
999
_c
581196
_d
581196